| 000 | 00800nac a22001931u 4500 | ||
|---|---|---|---|
| 010 | _a 2002018324 | ||
| 020 | _a020172149X (pbk.) | ||
| 082 | 0 | 0 |
_a005.7/2 _bV2171 |
| 090 |
_c394 _d394 |
||
| 100 | _aVan Duyne, Douglas K., | ||
| 245 | 1 | 4 |
_aThe design of sites : _bpatterns, principles, and processes for crafting a customer-centered Web experience / _cDouglas K. Van Duyne, James A. Landay, Jason I. Hong. |
| 260 |
_aBoston : _bAddison-Wesley, _cc2003. |
||
| 300 |
_axxxvii, 762 p. : _bcol. ill. ; _c24 cm. |
||
| 650 | 0 |
_aWeb sites _xDesign. |
|
| 700 | 1 |
_aLanday, James A., _d1967- |
|
| 700 | 1 |
_aHong, Jason I., _d1975- |
|
| 942 |
_cBB _k005.72V2171 |
||
| 999 |
_c394 _d394 |
||